000 00592cam a2200205 4500500
005 20260405001949.0
041 _afre
042 _adc
100 1 0 _aLequin, Mathilde
_eauthor
245 0 0 _aMétaphysique du bonheur réel
260 _c2015.
500 _a53
690 _aBadiou
690 _aBonheur
690 _aMétaphysique
690 _aTristan Garcia
690 _aVérité
786 0 _nPhilosophie magazine | 87 | 3 | 2015-03-01 | p. 84-87 | 1951-1787
856 4 1 _uhttps://shs.cairn.info/magazine-philosophie-magazine-2015-3-page-84?lang=fr&redirect-ssocas=7080
999 _c2052796
_d2052796